USSR Energy Efficiency and Prospects

Na minha lista:
Detalhes bibliográficos
Autor principal: Sinyak, Yury
Formato: Livro
Idioma:inglês
Publicado em: Laxenburg International Institute for Applied Systems Analysis 1991
Edição:1. ed.
Tags: Adicionar Tag
Sem tags, seja o primeiro a adicionar uma tag!

MARC

LEADER 00000nam a2200000 4500
001 c035735
005 20221214095144.4
041 0 |a eng 
044 |a AT 
245 1 0 |a USSR Energy Efficiency and Prospects  |c Yury Sinyak 
250 |a 1. ed. 
264 1 |a Laxenburg  |b International Institute for Applied Systems Analysis  |c 1991 
300 |a S.791-815 
500 |a Separát z: Energy, Vol.16, No.5, pp.791-815, 1991 
100 1 |a Sinyak, Yury